00591nam a22001937a 4500003000900000008004100009040007100050082001800121100001800139245003000157260003200187300002600219440003900245505002300284650001900307650001200326650002500338700003400363AR-CdUCM190311b ||||| |||| 00| 0 spa d aMUNICIPALIDAD PROVINCIAL DEL CUSCOcBIBLIOTECA MUNICIPAL DEL CUSCO a848.9 /bSA24 aSand, George  aUn Invierno en Mallorca / aBarcelona :bMateu ;c1964. a253 páginas ;c18cm aColección Todo para Muchos n116 aContenido: Relatos aDescripciones  aViajes  aLiteratura francesa  aCasán, Tello (traducción)